000 00299nam a2200109 4500
999 _c11333
_d11333
008 181116b ||||| |||| 00| 0 eng d
245 _aNeda to distribute book on struggle.
260 _aDvaao City
_bSun Star Davao
_cc2017
300 _apage 14.
650 0 _932578
_aBooks-Reading.
942 _2ddc
_cPER